000 00314 a2200157 4500
001 176769
020 _a
040 _cMagnum
100 _aGrelot, Pierre
240 1 0 _aO mundo futuro
_lpor
245 1 0 _aO mundo futuro
362 0 _a1899
440 1 _aPaulinas
697 _aMAGNITO: RELIGIAO
942 _cBK
999 _c176769
_d176769